000
00294nam a22001337a 4500
008
170323b xxu||||| |||| 00| 0 eng d
020
_a
08112410929
041
_a
eng
080
_a
616.9
100
_a
8
101
_a
SHM
245
_a
INFLAMMATORY BOWEL DISEASE
_c
KIRSNER.J.B
942
_2
udc
_c
BK
999
_c
8434
_d
8434